Chemical reaction engineering (Record no. 18194)

000 -LEADER
fixed length control field 00575nam a22001931 4500
001 - CONTROL NUMBER
control field 18194
003 - CONTROL NUMBER IDENTIFIER
control field BD-DhUET
008 - FIXED-LENGTH DATA ELEMENTS--GENERAL INFORMATION
fixed length control field 760421s1965 enka b 100 0 eng
040 ## - CATALOGING SOURCE
Original cataloging agency DLC
Transcribing agency OClU
Modifying agency BD-DhUET
082 ## - DEWEY DECIMAL CLASSIFICATION NUMBER
Classification number 660.299
Item number SYM/1968
111 ## - MAIN ENTRY--MEETING NAME
Meeting name or jurisdiction name as entry element Symposium on Chemical Reaction Engineering
Number of part/section/meeting 4th
Date of meeting 09/09/1968
Location of meeting Brussels
245 10 - TITLE STATEMENT
Title Chemical reaction engineering
260 ## - PUBLICATION, DISTRIBUTION, ETC. (IMPRINT)
Place of publication, distribution, etc. Oxford
Name of publisher, distributor, etc. Pergamon Press
Date of publication, distribution, etc. 1968
300 ## - PHYSICAL DESCRIPTION
Extent vi,474p.
504 ## - BIBLIOGRAPHY, ETC. NOTE
Bibliography, etc Includes bibliographies
650 #0 - SUBJECT ADDED ENTRY--TOPICAL TERM
Topical term or geographic name as entry element Chemical engineering
711 ## - ADDED ENTRY--MEETING NAME
Meeting name or jurisdiction name as entry element Organized by chemical reaction engineering
942 ## - ADDED ENTRY ELEMENTS (KOHA)
Koha item type Proceedings
Holdings
Koha date last seen Koha normalized classification for sorting Koha full call number Koha item type Location (home branch) Lost status Not for loan Shelving location Damaged status Withdrawn status Copy number Price effective from Date acquired Sublocation or collection (holding branch) Source of classification or shelving scheme Piece designation (barcode)
2015-03-29660_299000000000000_SYM_1968660.299/SYM/1968ProceedingsCentral Library, BUET  Circulation section  12015-03-292015-03-29Central Library, BUET 24300
2015-03-29660_299000000000000_SYM_1968660.299/SYM/1968ProceedingsCentral Library, BUET  Circulation section  22015-03-292015-03-29Central Library, BUET 34629